Exercise medicine : physiological principles and clinical applications /

Bibliographic Details
Uniform Title:Exercise medicine (Online)
Corporate Author: ScienceDirect (Online service)
Other Authors: Bove, Alfred A., Lowenthal, David T.
Format: eBook
Language:English
Published: New York : Academic Press, 1983.
Subjects:
Online Access:Connect to the full text of this electronic book

MARC

Tag First Indicator Second Indicator Subfields
LEADER 00000cam a2200000 a 4500
001 in00005770141
005 20260327172733.5
006 m o d
007 cr n |||
008 830407s1983 nyua ob 001 0 eng d
010 |z  83007095  
040 |a COA  |b eng  |e rda  |c COA  |d OCLCF  |d OCLCQ  |d OCLCO  |d OCLCL  |d OCLCQ 
020 |a 0121197204 
020 |a 9780121197209 
024 8 |a (WaSeSS)ssj0001047116 
035 |a (OCoLC)1340058493 
050 1 4 |a RC1210  |b .E94 1983 
082 0 4 |a 613.7/1/0880814  |2 19 
049 |a TXAM 
130 0 |a Exercise medicine (Online) 
245 1 0 |a Exercise medicine :  |b physiological principles and clinical applications /  |c edited by Alfred A. Bove, David T. Lowenthal. 
264 1 |a New York :  |b Academic Press,  |c 1983. 
300 |a 1 online resource (xvi, 400 pages :)  |b illustrations 
336 |a text  |b txt  |2 rdacontent 
337 |a computer  |b c  |2 rdamedia 
338 |a online resource  |b cr  |2 rdacarrier 
347 |a text file  |2 rdaft  |0 http://rdaregistry.info/termList/fileType/1002. 
504 |a Includes bibliographical references and index. 
650 0 |a Sports medicine. 
650 0 |a Exercise  |x Physiological aspects. 
650 0 |a Exercise therapy. 
650 2 |a Exertion. 
650 2 |a Sports Medicine 
650 6 |a Médecine du sport. 
650 7 |a Exercise  |x Physiological aspects  |2 fast 
650 7 |a Exercise therapy  |2 fast 
650 7 |a Sports medicine  |2 fast 
655 7 |a Electronic books.  |2 local 
700 1 |a Bove, Alfred A. 
700 1 |a Lowenthal, David T. 
710 2 |a ScienceDirect (Online service) 
758 |i has work:  |a Exercise medicine (Text)  |1 https://id.oclc.org/worldcat/entity/E39PCFMxv9kCmby37fpHhTrCV3  |4 https://id.oclc.org/worldcat/ontology/hasWork 
856 4 0 |u http://proxy.library.tamu.edu/login?url=https://www.sciencedirect.com/science/book/9780121197209  |z Connect to the full text of this electronic book  |t 0 
936 |a BATCHLOAD 
955 |a Elsevier ScienceDirect 2026-2027 
994 |a 92  |b TXA 
999 f f |i 78b14552-6926-43ef-b170-8c7aa903c438  |s 0fe3185b-a61a-4a47-a2bf-2556e9249194  |t 0 
952 f f |a Texas A&M University  |b College Station  |c Electronic Resources  |s www_evans  |d Available Online  |t 0  |e RC1210 .E94 1983  |h Library of Congress classification 
998 f f |a RC1210 .E94 1983  |t 0  |l Available Online